Statistics for Premier League 2012-2013 Top scorers

Click here to take the quiz!

General Stats

  • This quiz has been taken 12 times
  • The average score is 8 of 10

Answer Stats

GoalsNationalityClubPlayer% Correct
23UruguayLiverpoolLuis Suárez
100%
15SenegalChelsea / Newcastle UnitedDemba Ba
92%
15EnglandChelseaFrank Lampard
92%
21WalesTottenham HotspurGareth Bale
92%
26NetherlandsManchester UnitedRobin van Persie
92%
15BulgariaFulhamDimitar Berbatov
83%
19BelgiumAston VillaChristian Benteke
75%
17BelgiumWest Bromwich AlbionRomelu Lukaku
75%
18SpainSwansea CityMichu
67%
15EnglandSouthamptonRickie Lambert
42%

Score Distribution

Percentile by Number Answered

Percent of People with Each Score

Your Score History

You have not taken this quiz